Grid computing for development

Kaydedildi:
Detaylı Bibliyografya
Yazar: Silva, Vladimia
Materyal Türü: Kitap
Dil:Undetermined
Baskı/Yayın Bilgisi: Hingham, MA. Charles River Media 2005
Konular:
Etiketler: Etiketle
Etiket eklenmemiş, İlk siz ekleyin!
Thư viện lưu trữ: Trung tâm Học liệu Trường Đại học Cần Thơ
LEADER 00732nam a2200217Ia 4500
001 CTU_184314
008 210402s9999 xx 000 0 und d
020 |c 809000 
082 |a 004.36 
082 |b S586 
100 |a Silva, Vladimia 
245 0 |a Grid computing for development 
245 0 |c Vladimia Silva 
260 |a Hingham, MA. 
260 |b Charles River Media 
260 |c 2005 
650 |a Computational grids ( Computer systems ),Computer software,Mạng lưới máy tính ( Hệ thống máy tính ),Phần mềm máy tính 
650 |x Development.,Phát triển 
904 |i Minh 
910 |a Sách kèm đĩa AVA.000031 
980 |a Trung tâm Học liệu Trường Đại học Cần Thơ